Olympians by Country - Jamaica - Statistics

General Stats
  • This quiz has been taken 30 times
  • The average score is 9 of 21
Answer Stats
Picture Answer % Correct
Usain Bolt
96%
Yohan Blake
79%
Asafa Powell
75%
Elaine Thompson Herah
75%
Shelly-Ann Fraser-Pryce
75%
Kishane Thompson
68%
Michael White / Dudley Stokes / Devon Harris / Frederick Powell / Cool Runnings
68%
Shericka Jackson
46%
Veronica Campbell-Brown
46%
Hansle Parchment
39%
Merlene Ottey
32%
Warren Weir
32%
Omar McLeod
29%
Sherone Simpson
21%
Don Quarrie
18%
Deon Hemmings
14%
Kerron Stewart
14%
Melaine Walker
14%
Arthur Wint
11%
David Weller
7%
Juliet Cuthbert
7%
No matching quizzes found
Score Distribution
Percent of People with Each Score
Percentile by Number Answered
Your Score History
You have not taken this quiz